| 000 | 01371nam a22002537a 4500 | ||
|---|---|---|---|
| 005 | 20150918120507.0 | ||
| 008 | 150918t2013 bo |||||r||||f00| 0 spa d | ||
| 040 |
_aCO-BoIAVH _cCO-BoIAVH |
||
| 041 | 0 | _aspa | |
| 044 | _abo | ||
| 082 | 0 | 4 |
_a333.9572 _bM68p |
| 110 | 2 |
_aBolivia. _b Ministerio de Medio Ambiente y Agua |
|
| 245 | 1 | _aPlan de acción para la conservación de los anfibios amenazados de Bolivia 2013-2017 | |
| 260 |
_aLa Paz (Bolivia): _bMinisterio de Medio Ambiente y Agua, _c2013. |
||
| 300 |
_a157 páginas : _bmapas, gráficas y fotografías a color ; _c23 cm |
||
| 504 | _aIncluye referencias bibliográficas (páginas 149-156). | ||
| 505 | 0 | _a1. Política nacional para la conservación de la vida silvestre. 2. Introducción. 3. Marco legal para la conservación, protección y manejo de los anfibios de Bolivia. 4. Constitución política del estado plurinacional de Bolivia. 5. Programas y actores para la conservación. 6. Plan de acción de especies amenazadas. 7. Implementación del plan. | |
| 650 | 6 |
_aAnfibios _xConservación de especímenes _zBolivia |
|
| 650 | 6 |
_aAnfibios _xPlanes de acción _zBolivia |
|
| 650 | 6 |
_aConservación de fauna _xAnfibios _zBolivia |
|
| 650 | 6 |
_aAnfibios _xespecies amenazadas _zBolivia |
|
| 700 | 1 |
_aAguayo, Rodrigo _eEditor _eCoordinador |
|
| 942 |
_2ddc _cLIBRO |
||
| 999 |
_c17787 _d17787 |
||